| 000 | 00972nam a22002777a 4500 | ||
|---|---|---|---|
| 001 | 200461002 | ||
| 003 | TR-AnTOB | ||
| 005 | 20240612095125.0 | ||
| 008 | 240612b tu ||||| |||| 00| 0 tur d | ||
| 020 | _a9786052780541 | ||
| 040 |
_aTR-AnTOB _beng _erda _cTR-AnTOB |
||
| 041 |
_atur _beng |
||
| 092 |
_a891.733 _bHAR 2020 |
||
| 100 |
_aÖztürk, Fatih _eauthor. _989640 |
||
| 245 |
_aKolka Pankin Brezilya’ya nasıl uçtu/ _bDaniil Harms ; resimleyen: Fatih Öztürk ; Türkçeleştiren: Mustafa Kemal Yılmaz ; yayıma hazırlayan: Senta Urgan |
||
| 250 | _a1.bs. | ||
| 260 |
_aİstanbul : _bNesin Yayıncılık, _c2020. |
||
| 300 |
_a37 Pages. : _bill. ; _c29 cm. |
||
| 336 |
_atext _btxt _2rdacontent |
||
| 337 |
_aunmediated _bn _2rdamedia |
||
| 338 |
_avolume _bnc _2rdacarrier |
||
| 500 | _aÖzgün adı: Kak Kolka Pankin letal v Braziliyu, a Petka Yerşov niçemu ne veril. | ||
| 942 |
_2ddc _cBK |
||
| 999 |
_c200461002 _d79214 |
||